000 01031nam a2200265 i 4500
001 bg
100 1 _aCZARNOCKI, Piotr
245 1 0 _aCzynniki warunkujące rozwój delaminacji wewnętrznych w laminatach polimerowych /
_cPiotr Czarnocki.
260 _aWarszawa :
_bOficyna Wydawnicza PW,
_c2005.
300 _a142 s. :
_bfot., rys., wykr. ;
_c24 cm.
490 1 _aPrace Naukowe. Mechanika / Politechnika Warszawska ;
_v0137-2335
500 _aOpis wg okł. - W nagł. odmienny tyt. serii: Prace Naukowe Politechniki Warszawskiej. - Streszcz. ang.
500 _aPrace Naukowe Politechniki Warszawskiej.
500 _aNumeracja ser. gł. : z. 210.
504 _aBibliogr. s. 111-121.
650 9 _aLaminaty
_xmechanika
_xbadanie
650 9 _aPękanie
_xbadanie
650 9 _aWytrzymałość materiałów
_xbadanie
830 0 _aPrace Naukowe. Mechanika (Politechnika Warszawska) ;
040 _cBPK
041 0 _apol
_beng
080 _a678.7:539.3/.5:620.17
942 _cKS
008 s pl f |000 0 pol
999 _c51567
_d51567
856 _uhttp://koha.tu.koszalin.pl/cgi-bin/koha/opac-detail.pl?biblionumber=51567
_yKatalog online BPK